Metodika Medzinárodného menového fondu a Eurostatu vo verejných financiách a jej aktualizácia v Slovenskej republike

Porovnanie metodiky Medzinárodného menového fondu a Eurostatu. Štatistika verejných financií. Postavenie a správa verejných financií v Slovenskej republike. Medzinárodne porovnateľná štatistika verejných financií. Tri metodiky pohľadu na rozpočtové hospodárenie verejnej správy - národná metodika, m...

Descrizione completa

Salvato in:
Dettagli Bibliografici
Autore principale: Šulajová, Irena
Natura: Capitolo di libro
Lingua:slovacco
Soggetti:
Tags: Aggiungi Tag
Nessun Tag, puoi essere il primo ad aggiungerne!!

MARC

LEADER 00000naa$a2200000$$$4500
001 0005105
005 20231003112939.9
041 0 |a slo 
044 |a SK 
245 1 0 |a Metodika Medzinárodného menového fondu a Eurostatu vo verejných financiách a jej aktualizácia v Slovenskej republike  |c aut. Irena Šulajová 
520 |a Porovnanie metodiky Medzinárodného menového fondu a Eurostatu. Štatistika verejných financií. Postavenie a správa verejných financií v Slovenskej republike. Medzinárodne porovnateľná štatistika verejných financií. Tri metodiky pohľadu na rozpočtové hospodárenie verejnej správy - národná metodika, metodika Medzinárodného menového fondu a metodika EÚ (Európsky systém účtov - ESA 95). 
610 2 0 |a financie verejné 
610 2 0 |a sektor verejný 
610 2 0 |a štatistika 
610 2 0 |a metodika 
610 2 0 |a Slovensko 
610 2 0 |a Medzinárodný menový fond 
610 2 0 |a Eurostat 
100 1 |a Šulajová, Irena